<?xml version="1.0" encoding="UTF-8"?><?xml-stylesheet type="text/xsl" href="static/style.xsl"?><OAI-PMH xmlns="http://www.openarchives.org/OAI/2.0/" xmlns:xsi="http://www.w3.org/2001/XMLSchema-instance" xsi:schemaLocation="http://www.openarchives.org/OAI/2.0/ http://www.openarchives.org/OAI/2.0/OAI-PMH.xsd"><responseDate>2026-04-17T20:13:50Z</responseDate><request verb="GetRecord" identifier="oai:www.recercat.cat:2445/121595" metadataPrefix="marc">https://recercat.cat/oai/request</request><GetRecord><record><header><identifier>oai:recercat.cat:2445/121595</identifier><datestamp>2025-12-06T03:17:12Z</datestamp><setSpec>com_2072_1057</setSpec><setSpec>col_2072_478801</setSpec><setSpec>col_2072_478917</setSpec></header><metadata><record xmlns="http://www.loc.gov/MARC21/slim" xmlns:dcterms="http://purl.org/dc/terms/" xmlns:xsi="http://www.w3.org/2001/XMLSchema-instance" xmlns:doc="http://www.lyncode.com/xoai" xsi:schemaLocation="http://www.loc.gov/MARC21/slim http://www.loc.gov/standards/marcxml/schema/MARC21slim.xsd">
   <leader>00925njm 22002777a 4500</leader>
   <datafield ind2=" " ind1=" " tag="042">
      <subfield code="a">dc</subfield>
   </datafield>
   <datafield ind2=" " ind1=" " tag="720">
      <subfield code="a">San Martín, Conchi</subfield>
      <subfield code="e">author</subfield>
   </datafield>
   <datafield ind2=" " ind1=" " tag="720">
      <subfield code="a">Torres, Empar</subfield>
      <subfield code="e">author</subfield>
   </datafield>
   <datafield ind2=" " ind1=" " tag="260">
      <subfield code="c">2018-04-17T09:26:51Z</subfield>
   </datafield>
   <datafield ind2=" " ind1=" " tag="260">
      <subfield code="c">2018-04-17T09:26:51Z</subfield>
   </datafield>
   <datafield ind2=" " ind1=" " tag="260">
      <subfield code="c">2004</subfield>
   </datafield>
   <datafield ind2=" " ind1=" " tag="260">
      <subfield code="c">2018-04-17T09:26:51Z</subfield>
   </datafield>
   <datafield ind2=" " ind1=" " tag="520">
      <subfield code="a">This paper examines our understanding of private speech - speech that is not addressed or adapted to the interlocutor - from a Vygotskian perspective. The progressive acquisition of the planning function made possible by the interiorisation of language deserves special attention. Social and private speech is analysed longitudinally in ten pairs of children ut the ages of 4;6 and 6;6, in a play context. The results are relevant in two aspects. First, only ludic-emotional private speech (speech related to fantasy, play, or expressions of affect) decreases significantly with age, whereas planning private speech (describing actions directed to a goal)remains constant ut both ages. Second, a sequential analysis reveals that social speech categories, which are related to the expression of divergent perspectives, increase the probability that the partner will answer in a private manner. Therefore, the emergence of private speech seems to be related not only to the difficulty of the task but also to communicative conflict.</subfield>
   </datafield>
   <datafield tag="653" ind2=" " ind1=" ">
      <subfield code="a">Consciència lingüística en els infants</subfield>
   </datafield>
   <datafield tag="653" ind2=" " ind1=" ">
      <subfield code="a">Psicolingüística</subfield>
   </datafield>
   <datafield tag="653" ind2=" " ind1=" ">
      <subfield code="a">Language awareness in children</subfield>
   </datafield>
   <datafield tag="653" ind2=" " ind1=" ">
      <subfield code="a">Psycholinguistics</subfield>
   </datafield>
   <datafield ind2="0" ind1="0" tag="245">
      <subfield code="a">Estudio de la emergencia del habla privada en una situación comunicativa infantil y sus relaciones con el conflicto comunicativo.</subfield>
   </datafield>
</record></metadata></record></GetRecord></OAI-PMH>